Fundamentos y diseños de sistemas de riego /
Guardado en:
| Autor Principal: | |
|---|---|
| Autor Corporativo: | |
| Formato: | Libro |
| Publicado: |
San José :
IICA,
1985.
|
| Series: | Serie de libros y materiales educativos ;
nº 59 |
| Acceso en línea: | Acceso a texto completo |
| Etiquetas: |
Agregar Etiqueta
Sin Etiquetas, Sea el primero en etiquetar este registro!
|
| LEADER | 00731nam a22001935a 4500 | ||
|---|---|---|---|
| 001 | EEA.libagro003477 | ||
| 008 | 130809s1985####xx#a##########000#0#####d | ||
| 005 | 20200405131733.0 | ||
| 245 | 1 | 0 | |a Fundamentos y diseños de sistemas de riego / |c Luis A. Gurovich. |
| 260 | |a San José : |b IICA, |c 1985. | ||
| 300 | |a 433 p. : |b il. ; |c 23 cm. | ||
| 490 | 1 | |a Serie de libros y materiales educativos ; |v nº 59 | |
| 530 | |a Disponible también en línea. | ||
| 020 | |a 9290390646 | ||
| 100 | 1 | |a Gurovich, Luis A. | |
| 710 | 2 | |a Instituto Interamericano de Cooperación para la Agricultura. | |
| 082 | 0 | 4 | |a 631.7 |
| 856 | |3 Acceso a texto completo |u http://orton.catie.ac.cr/repdoc/A9806E/A9806E.PDF | ||
| 859 | |a AR-BbBCA |b BIB. AGRONOMIA |h 631.7 |i G981 |p 1985/0714 | ||
